Vyhliadka a vinárstvo, Pezinok

Gespeichert in:
Bibliographische Detailangaben
1. Verfasser: Pecháčová, Sandra (Verfasst von)
Weitere Verfasser: Schleicher, Alexander (Betreuung Doktorarbeit)
Format: Manuskript Buch
Sprache:Slowakisch
Veröffentlicht: 2024
Schlagworte:
Online-Zugang:http://is.stuba.sk/zp/portal_zp.pl?podrobnosti=162026
Tags: Tag hinzufügen
Keine Tags, Fügen Sie das erste Tag hinzu!

MARC

LEADER 00000ntm a22000003a 4500
001 stuzp98713
003 SK-STU
005 20240615211151.2
007 ta
008 150427s2015----xo-----f-mn---000-0-slo-d
040 |a STU  |b slo 
041 0 |a slo 
100 1 |a Pecháčová, Sandra  |u 058180  |4 aut  |U FAD Fakulta architektúry a dizajnu  |T FAD Ústav architektúry občianskych budov  |X 110284  |U A8180  |Y 399  |7 110284 
242 0 1 |a Lookout Point and Winery, Pezinok  |y eng 
245 1 0 |a Vyhliadka a vinárstvo, Pezinok 
260 |c 2024 
650 4 |a rekreácia  |2 slo 
650 4 |a architektúra  |2 slo 
650 4 |a funkcie  |2 slo 
650 4 |a vinárstvo  |2 slo 
650 4 |a kultúra  |2 slo 
650 4 |a winemaking  |2 eng 
650 4 |a culture  |2 eng 
650 4 |a recreation  |2 eng 
650 4 |a functions  |2 eng 
650 4 |a architecture  |2 eng 
700 1 |a Schleicher, Alexander  |u 058180  |k Z1  |4 ths  |U FAD Fakulta architektúry a dizajnu  |T FAD Ústav architektúry občianskych budov  |X 472  |U A8180  |Y 399  |7 A000000472 
856 4 |u http://is.stuba.sk/zp/portal_zp.pl?podrobnosti=162026